Magnet stories for summer days and winter nights

Gespeichert in:
Bibliographische Detailangaben
1. Verfasser: Friston, David Henry (VerfasserIn)
Format: Buch
Sprache:Englisch
Veröffentlicht: Londres Groombridge And Sons 1845
Schlagworte:
Tags: Tag hinzufügen
Keine Tags, Fügen Sie den ersten Tag hinzu!

MARC

LEADER 00000cam a2200000 a 4500
001 UCG2638
003 CL-VaPUC
008 100715e18450000uk |||||||||||||||||eng|d
082 0 4 |a 820  |b FRI  |2 21 
100 0 |a Friston, David Henry  |e author  |9 551142 
245 1 0 |a Magnet stories for summer days and winter nights 
300 |a 100 p 
942 |c BK 
945 |d 20100715 00:00:00  |a mfarfan 
260 |a Londres  |b Groombridge And Sons  |c 1845 
650 0 |a Literatura inglesa  |9 312907 
650 0 |a Escritores ingleses  |9 389424 
650 0 |a Novelas inglesas  |9 265220 
583 |a last modification  |c 20140806 11:15:15  |k Rodrigo Vera 
999 |c 341768  |d 341766 
952 |0 0  |1 0  |4 0  |6 820_000000000000000_FRI_1845  |7 0  |8 X  |9 437510  |a FDOBUD  |b FDOBUD  |d 2019-11-22  |i 4685938  |o 820 FRI 1845  |p 4685938  |r 2019-11-22  |w 2019-11-22  |y BK_X  |k BUD